Une étude sur la sophistique contemporaine ou lettre a M. Vacherot / (Record no. 154770)

MARC details
000 -LEADER
campo de control de longitud fija 00774nam a2200193 i 4500
001 - NÚMERO DE CONTROL
campo de control 154770
003 - IDENTIFICADOR DE NÚMERO DE CONTROL
campo de control ES-MaACL
005 - FECHA Y HORA DE LA ÚLTIMA TRANSACCIÓN
campo de control 20251013220214.0
008 - DATOS DE LONGITUD FIJA--INFORMACIÓN GENERAL
campo de control de longitud fija 040707s1863 fr |||| | fre d
040 ## - FUENTE DE CATALOGACIÓN
Centro catalogador/agencia de origen CAM
Lengua de catalogación spa
Centro/agencia transcriptor CAM
100 1# - ENTRADA PRINCIPAL--NOMBRE DE PERSONA
Nombre de persona Gratry, Auguste-Joseph-Alphonse,
Fechas asociadas al nombre 1805-1872
9 (RLIN) 127542
245 14 - MENCIÓN DEL TÍTULO
Título Une étude sur la sophistique contemporaine ou lettre a M. Vacherot /
Mención de responsabilidad, etc. par le P. Gratry ; avec la réponse de M. Vacherot et la réplique du P. Gratry.
250 ## - MENCION DE EDICION
Mención de edición 3me. éd.
260 ## - PUBLICACIÓN, DISTRIBUCIÓN, ETC.
Lugar de publicación, distribución, etc. Paris :
Nombre del editor, distribuidor, etc. Charles Douniol :
-- J. Lecoffre et Cie.,
Fecha de publicación, distribución, etc. 1863 (
Fabricante typographie de Ad. Lainé et J. Havard)
300 ## - DESCRIPCIÓN FÍSICA
Extensión XII, 292 p. ;
Dimensiones 23 cm.
700 1# - ENTRADA AGREGADA--NOMBRE PERSONAL
Nombre de persona Vacherot, Étienne,
Fechas asociadas al nombre 1809-1897
9 (RLIN) 133481
852 ## - LOCALIZACIÓN
Ubicación ES-MaACL
Número de control de estantería G-12540
Nota libre -- Enc. hol.
Holdings
Estatus retirado Estado de pérdida Estado de daño No para préstamo Colección Biblioteca de origen Biblioteca actual Ubicación en estantería Fecha de adquisición Fuente de adquisición Total de préstamos Signatura topográfica completa Código de barras Visto por última vez Precio de reemplazo Tipo de ítem Koha
        Libros del s. XIX Biblioteca del Ateneo de Madrid Biblioteca del Ateneo de Madrid Sala Pecera Planta 3 17/01/2008     G-12540 1161880 23/02/2023 23/02/2023 Libro impreso antiguo